[Event "Mario Covas 3rd"]
[Site "Santos"]
[Date "2003.04.27"]
[Round "7"]
[White "Milos, Gilberto"]
[Black "Rodriguez Vila, Andres"]
[Result "1/2-1/2"]
[WhiteElo "2586"]
[BlackElo "2479"]
[Annotator "Psakhis,L"]
[PlyCount "94"]
[EventDate "2003.04.22"]
[EventType "tourn"]
[EventRounds "10"]
[EventCountry "BRA"]
[EventCategory "12"]
[SourceTitle "CBM 095"]
[Source "ChessBase"]
[SourceDate "2003.07.25"]
[SourceVersion "1"]
[SourceVersionDate "2003.07.25"]
[SourceQuality "1"]

1. e4 e6 2. d4 d5 3. e5 c5 4. c3 Nc6 5. Nf3 Bd7 6. Be2 f6 {This interesting
move leads to complicated game , but in modern practice Black usually prefer} (
6... Nh6 $5) ({or} 6... Nge7) 7. O-O fxe5 8. Nxe5 Nxe5 9. dxe5 Qc7 10. c4 $5 {
[%cal Gb1c3]} (10. Re1 O-O-O 11. Bf4 Ne7 $13) 10... Ne7 (10... d4 11. Bf4 Ne7 (
11... O-O-O 12. Nd2 Bc6 $13) 12. Nd2 Ng6 13. Bh5 Bc6 14. Bxg6+ hxg6 15. Bg3 Qf7
16. Re1 Qf5 17. Qb3 Be7 18. f3 O-O 19. Ne4 g5 20. h3 $14 {1-0 Cherniaev,
A-Mostafavi,K/St-Jean op 2002 (36)}) 11. Nc3 d4 12. Ne4 ({Worth considering} 
12. Nb5 $5 {for example} Bxb5 13. cxb5 Qxe5 14. Re1 {with good chances for
initiative.}) 12... Qxe5 13. Re1 (13. Bf3 Nc6 14. Re1 Be7 15. Bg4 Qc7 16. Qf3
O-O-O 17. Qh3 e5 18. a3 h5 19. Bxd7+ Qxd7 20. Qd3 Rhf8 21. Bd2 $44 {Sandipan,
C-Alekseev,V/Senden op 2002/1-0 (51)}) 13... O-O-O 14. Bf3 $146 (14. Ng5 Qf6
15. Ne4 Qe5 16. Ng5 Qf6 17. Ne4 Qe5 {1/2-1/2 Shugalya,I-Raidna,R/corr 2002/
Telechess CBM 91 (17)}) 14... Re8 (14... Bc6 $5 15. Bd2 {[%cal Ge4g5]}) 15. b4
$1 {Milos managed to find a clue to the position!} cxb4 (15... Bc6 $2 16. bxc5
Bxe4 17. Rxe4 Qf6 18. Rxd4 $18) 16. a3 {Playing in gambit style, Milos got
dangerous initiative.} (16. c5 Nd5 17. Nd6+ Bxd6 18. Rxe5 Bxe5 $132) 16... Nc6
17. axb4 ({It's quite possible, that} 17. c5 $5 {even stronger that move in
the game. Continuation could be} Bxc5 18. Nxc5 Qxc5 19. axb4 Qxb4 20. Ba3 Qb5
21. Bd6 $40 {[%csl Rc8,Gd6,Gf3]}) 17... Bxb4 18. Bd2 Bxd2 (18... Be7 $5) 19.
Qxd2 Kc7 (19... Ref8 $5 {[%cal Gf8f3]}) 20. Reb1 {[%csl Rc7]} ({I think that
White rightly avoided the line} 20. Ng3 Qf6 21. Bxc6 Bxc6 22. Rxa7 $132) 20...
d3 (20... Ref8 21. Rb5 Qf4 22. Qb2 b6 23. c5 $40) 21. Nc3 ({This position
probably requires more active decisions:} 21. c5 $5 {[%cal Re4d6]} Ra8 (21...
Rd8 22. Rxa7 $1) 22. Qxd3 $40) 21... Rb8 (21... Qc5 22. Qxd3 Ne5 23. Rxb7+ Kc8
24. Qb1 $1 $18) 22. Nb5+ Kd8 23. Qxd3 Ke7 24. Qa3+ (24. Nxa7 $5) 24... Kf6 25.
Re1 Qf4 26. Qc3+ $2 {This move may look active, but this is actually a mistake!
} (26. Re4 $1 Qf5 (26... Qg5 27. h4 $1) 27. Nd6 Qg5 28. Rd4 $3 $18 {[%cal
Rd6e4]}) 26... Kf7 {White's chances are still better, although, the lion's
share of advantage had been already missed.} 27. g3 (27. Rad1 $5) 27... Qf6 28.
Nd6+ Kg8 29. Qa3 {It is very understandable that Milos want to keep queens on
the board, but simple} (29. Qxf6 gxf6 30. Bxc6 Bxc6 31. Rxe6 Kg7 32. Rxa7 Ra8
33. Rxa8 Rxa8 34. Kf1 $16 {leads also to clear advantage of white.}) 29... Nd4
(29... Rf8 30. Bg2 Qxf2+ 31. Kh1 $44) 30. Be4 Bc6 31. Qxa7 Rd8 32. Bxc6 (32.
Qb6 Rxd6 $1 33. Ra8+ Kf7 34. Bxc6 (34. Rxh8 Nf3+ $1 $19) 34... Nf3+ 35. Kf1
Rxa8 36. Qxb7+ Qe7 37. Qxe7+ Kxe7 38. Bxf3 $11) 32... bxc6 {[%cal Rd4f3]} 33.
Reb1 $5 (33. Ne4 Nf3+ 34. Kg2 Nxe1+ 35. Rxe1 Qd4 36. Qa6 $44) 33... h5 (33...
Rxd6 $2 34. Rb8+ Rd8 35. Rxd8+ Qxd8 36. Qb7 $16) 34. Ne4 Qf5 35. Rb7 Qg6 ({
Black should have preferred} 35... Nf3+ 36. Kh1 (36. Kg2 Nh4+ $1) 36... Qe5
$132 {with very complicated struggle}) 36. Rd7 ({Worth considering} 36. f4 $5
e5 (36... Nf3+ 37. Kh1 h4 $132) 37. Ng5 exf4 38. Qxd4 $1 Qxg5 39. Rxg7+ Qxg7
40. Qxd8+ Kh7 41. Qd3+ $36) 36... Nf3+ 37. Kg2 Rf8 (37... Rxd7 38. Qxd7 Nh4+
39. Kf1 Nf3 (39... Qxe4 $2 40. Qe8+ $18) 40. Qxc6 $16) 38. Qc5 $1 Kh7 (38...
Qxe4 $2 39. Qxf8+ $1 $18) 39. Raa7 Nh4+ 40. Kg1 Nf5 41. h4 (41. f4 $5 Rhg8 (
41... Kh6 42. Ng5 Rf6 43. Qxc6 $16) 42. Ng5+ Kh8 43. Nf7+ Kh7 (43... Rxf7 $5
44. Rxf7 Qg4) 44. Ne5 $40) 41... Rhg8 42. Ng5+ Kh8 43. Kg2 $2 {White cracks
under pressure!} (43. Rac7 $142 $5 Ra8 44. Rxc6 $18) 43... Rf6 44. Qxc6 $2 (44.
Rf7 $5 $36 {One mistake very often follows another.}) 44... Ne3+ $3 {Lucky
escape!} 45. fxe3 Qc2+ 46. Kh3 Qf5+ 47. Kh2 Qc2+ 1/2-1/2

[Event "IND-ch"]
[Site "Mumbai"]
[Date "2003.01.26"]
[Round "14"]
[White "Satyapragyan, Swayangsu"]
[Black "Barua, Dibyendu"]
[Result "1-0"]
[WhiteElo "2438"]
[BlackElo "2541"]
[Annotator "Psakhis,L"]
[PlyCount "109"]
[EventDate "2003.01.18"]
[EventType "tourn"]
[EventRounds "21"]
[EventCountry "IND"]
[EventCategory "8"]
[SourceTitle "CBM 094"]
[Source "ChessBase"]
[SourceDate "2003.05.26"]
[SourceVersion "1"]
[SourceVersionDate "2003.05.26"]
[SourceQuality "1"]

1. e4 e6 2. d4 d5 3. e5 c5 4. c3 Nc6 5. Nf3 Qb6 6. a3 a5 ({I like to play in
this position} 6... c4 {which leads to different kind of the game.}) 7. Bd3 Bd7
8. O-O cxd4 (8... a4 $5) 9. cxd4 Nxd4 10. Nxd4 Qxd4 11. Nc3 Qxe5 {Although
this reply has proved quite popular, I remain suspicious about its value.} ({
I would prefer more cautious} 11... Qb6 $5 {with possible continuation.} 12.
Qe2 Ne7 13. Bd2 Nc6 14. Nb5 Nxe5 15. Be3 Qd8 16. Rac1 Nc6 17. Bf4 Rc8 18. Rfe1
Be7 $13 {0-1 Sandipan,C-Barua,D/Mumbai Commonwealth-ch 2003 (65)}) 12. Re1 Qd6
(12... Qb8 13. Nxd5 b6 14. Qb3 Bd6 15. Bb5 Bxh2+ 16. Kh1 Bc7 17. Bxd7+ Kxd7 18.
Qb5+ Kd8 19. Bg5+ Nf6 20. Nxf6 Kc8 21. Ne8 Kb7 22. Nxc7 Qxc7 23. Rac1 Qb8 24.
Red1 Rc8 25. Rd7+ Rc7 {1-0 Keller,C-Lichenski,J/Val Thorens 2002 (25)}) 13. Qf3
(13. Nb5 Qb8 14. Qf3 Bd6 15. Qxd5 Bxb5 16. Qxb5+ Ke7 17. Bd2 Nf6 18. g3 a4 $13
{1/2-1/2 Gdanski,J-Bezold,M/BL2-O 1997 (25)}) 13... Nf6 14. Nb5 $5 $146 {
Despite its obviousness, White's last move looks like a novelty.} ({It's easy
to play with black pieces after} 14. Bf4 Qb6 15. Nxd5 Nxd5 16. Qxd5 Be7 17. Qh5
Bf6 18. Rac1 g6 19. Qh6 $44 {0-1 Haimi,A-Hodokainen,J/Finland 1998 (23)}) 14...
Bxb5 15. Bxb5+ Kd8 16. Be3 {It looks that White got great compensation fo two
pawns.} e5 17. Bg5 h6 ({Difficult to recommend to Black and} 17... e4 {because
of} 18. Qb3 Rc8 19. Red1 $5 {and natural} Rc5 $8 {just lose after} 20. Rac1
Rxc1 21. Rxc1 $18 {with decisive attack}) 18. Bxf6+ gxf6 ({Difficult to
believe that Black can safe game after} 18... Qxf6 19. Qxd5+ Kc7 20. Rac1+ Kb8
21. Rxe5 $16) 19. Rad1 d4 20. Rxd4 $1 {[%mdl 2048] Everything becomes clear -
White get big advantage after he managed to eliminate Black's most important
defender.} (20. Qxb7 $2 Rb8 $17) 20... Qxd4 21. Rd1 Qxd1+ ({Doesn't change
estimation of position and} 21... Kc7 $5 22. Rxd4 exd4 23. Qxf6 Bc5 24. Qxf7+
Kb6 25. Bd3 $16) 22. Qxd1+ Kc7 23. Qd7+ Kb6 24. Bc4 $16 {[%csl Ra8,Rb6,Gc4,Gd7,
Rh8]} h5 25. h4 $1 {White has gained total control over the position and only
needs to find a plan of breaking through.} Rh6 (25... a4 $5) 26. Qb5+ Kc7 27.
Bd5 {Formally Black has material parity, but his pieces are useless and cannot
safe king.} Rb8 28. Qxa5+ {Harvest time!} Kd7 29. Qb5+ (29. Bxf7 $5 Bd6 30. Qd5
Kc7 31. Bxh5 $1 $18) 29... Kc7 30. Qc4+ Kd8 31. Bxf7 Bd6 (31... Rc8 32. Qd5+
Kc7 33. Bxh5 $1) 32. Be6 (32. Qe6 $142 $5 Kc7 (32... Be7 33. Qd5+ Kc7 34. Qa5+
$1 b6 35. Qc3+ $18 {[%csl Rh6]}) 33. Be8 Rh7 (33... Rd8 34. Qf7+ Kb6 35. Qg7 {
[%csl Rh6]}) 34. Qc4+ Kb6 35. Qd3 $18 {[%cal Rd3d6,Rd3h7]}) 32... f5 $5 {
Sacrifising a pawn but hope to get some counterplay.} (32... Ke7 33. Qd5 Rd8
34. Bf5 $18) 33. Bxf5 Ke7 34. Be4 (34. Qb5 $5) 34... Rf6 35. b4 {[%cal Ga3a5]}
Rf4 36. f3 (36. g3 $5) 36... b5 37. Qc1 Rg8 38. Qc6 Rb8 $8 39. g3 Rff8 40. Kg2
$18 {[%csl Rb5,Re7,Rh5] Generally speaking White has a technically winning
position. Black maybe could play little bit longer? but he can't changed
already result.} Rf6 (40... Rfc8 41. Qd5 Rf8 42. Bd3) 41. Qd5 Rc8 42. Qxb5 Rc1
43. Qd3 Ra1 44. Qe3 (44. Qb3 $5 {[%cal Gb3g8]}) 44... Bc7 45. Qg5 (45. b5)
45... Rxa3 46. Kh3 Raa6 (46... Rb3 47. Bd5 Rxb4 48. Qg7+ $18) 47. b5 Rad6 (
47... Rab6 48. Bc6) 48. Qxe5+ Kf8 49. Qxh5 Bb6 50. Qh8+ (50. g4 {[%cal Gg4g5]})
50... Kf7 51. Bc6 Bd4 52. Qe8+ Kg7 53. Qe7+ Kg8 54. g4 $1 Rxc6 55. bxc6 1-0

[Event "EU-chT (Men) 11th"]
[Site "Pula"]
[Date "1997.05.??"]
[Round "6.2"]
[White "Adams, Michael"]
[Black "Lputian, Smbat G"]
[Result "1-0"]
[WhiteElo "2660"]
[BlackElo "2615"]
[Annotator "Psakhis,L"]
[PlyCount "81"]
[EventDate "1997.05.05"]
[EventType "team-swiss"]
[EventRounds "9"]
[EventCountry "CRO"]
[SourceTitle "CBM 057 Extra"]
[Source "ChessBase"]
[SourceDate "1997.05.01"]
[SourceVersion "1"]
[SourceVersionDate "1997.05.01"]
[SourceQuality "1"]
[WhiteTeam "England"]
[BlackTeam "Armenia"]
[WhiteTeamCountry "ENG"]
[BlackTeamCountry "ARM"]

1. e4 e6 2. d4 d5 3. e5 c5 4. c3 Nc6 5. Nf3 Nh6 6. Bd3 cxd4 7. cxd4 Nf5 8. Bxf5
exf5 9. Nc3 Be6 10. Ne2 h6 11. h4 Qa5+ {New, but I am not sure good move.
White king will fill very comfortably on f1, and queens also occupys square
vey usefull for knight.} (11... g6 12. Nf4 Be7 13. g3 Qb6 14. Kf1 Kd7 15. Kg2
Rag8 16. Nd3 Kc8 $13 {0-1 Zifroni,D-Soffer,R/Tel Aviv 1995 (50)}) (11... Be7
12. Nf4 Rc8 (12... Qb6 13. Kf1 O-O-O 14. h5 Kb8 15. Rh3 Rhe8 16. Rg3 Bf8 17.
Kg1 Rc8 18. Ne2 Rc7 19. Nc3 Rec8 20. Na4 Qb5 21. Bf4 b6 $11 {0-1 Hendriks,
W-Glek,I/NLD t-ch 1996 (40)}) 13. Bd2 O-O 14. a3 Na5 $13 15. Bb4 $6 Bxb4+ 16.
axb4 Nc6 17. Qa4 Qb6 18. b5 Ne7 $15 {Bonsh-Vaganian, BL 1997}) 12. Kf1 Be7 13.
Kg1 Rc8 14. Nf4 g6 15. a3 Qb6 {[%cal Ya7a5]} 16. b4 $5 a5 17. Rb1 axb4 18. axb4
Na7 (18... Nxb4 $2 19. Bd2 Rc4 20. Nd3 $18) 19. b5 $1 Rc4 {It will be not easy
for White to prove advantage after risky} (19... Nxb5 $5 20. Qa4 Qa6 21. Qxb5+
Qxb5 22. Rxb5 Rxc1+ 23. Kh2 Rxh1+ (23... Rc7 24. Rhb1 $5) 24. Kxh1 g5 $1 25.
Nxd5 Bxd5 26. Rxd5 g4 27. Nd2 Bxh4 28. g3 Bg5 29. Nc4 Ke7 30. Rb5 Rb8 $13) 20.
Rh3 Rb4 (20... Nxb5 $5) 21. Rxb4 Bxb4 22. Rg3 Kd7 23. Nxe6 Kxe6 {Strange, but
not very bad position for a K} 24. Bd2 Qxb5 ({Deserves attention} 24... Be7 $5)
25. h5 Bxd2 $2 {Serious mistake. Why not} (25... g5 $5 {and after} 26. Nxg5+ $5
hxg5 27. Rb3 Nc6 28. Bxb4 Qc4 (28... Nxb4 29. Qb1 $16) 29. Bc5 b5 (29... f6 $5
30. exf6 b5) 30. Rb1 g4 31. Rc1 Qa4 $132 {everything is not so terrible.}) 26.
Nxd2 g5 27. Rb3 Qc6 28. Qb1 $16 {[%cal Rb3b6]} b5 29. Ra3 $1 Ra8 (29... Nc8 30.
Nb3 f4 31. Nc5+ Ke7 32. Ra6 $1 Nb6 33. Ra7+ Ke8 34. Qf5 Rf8 35. e6 $18) 30. Qa1
Qb7 31. Nb3 {Pin and weak king almost deprive Black chances for succesful
defence.} Ke7 32. Nc5 Qc7 33. Ra6 $18 Kf8 34. Rxh6 Rc8 35. Rf6 (35. Qa6 $1 {
Wins immediately, but any case Black,s position is desperate.}) 35... Kg8 36.
Rxf5 Nc6 37. Rxg5+ Kh8 38. Nb3 Nd8 39. Nc5 Nc6 40. Rf5 Rg8 41. Qc1 1-0

[Event "Olomouc After GP Mladi"]
[Site "Olomouc"]
[Date "1997.??.??"]
[Round "4"]
[White "Biolek, Richard"]
[Black "Votava, Jan"]
[Result "1-0"]
[WhiteElo "2410"]
[BlackElo "2515"]
[Annotator "Psakhis,L"]
[PlyCount "69"]
[EventDate "1997.08.05"]
[EventType "tourn"]
[EventRounds "11"]
[EventCountry "CZE"]
[EventCategory "10"]
[SourceTitle "CBM 061"]
[Source "ChessBase"]
[SourceDate "1997.11.23"]
[SourceVersion "1"]
[SourceVersionDate "1997.11.23"]
[SourceQuality "1"]

1. e4 {Petursson} c5 2. Nf3 e6 3. c3 d5 4. e5 Nc6 5. d4 Qb6 6. a3 a5 7. Bd3 Nh6
{N} (7... Bd7 $5) 8. O-O cxd4 9. cxd4 Nf5 10. Bxf5 (10. Nc3 $5 Nfxd4 11. Nxd4
Qxd4 (11... Nxd4 $2 12. Be3) 12. Re1 Qb6 (12... Be7 13. Nb5 Qb6 14. Qg4 g6 15.
Bh6 $36) 13. Qg4 Bd7 14. Bg5 $1 h5 (14... h6 $2 15. Nxd5 $1 exd5 16. e6 Bxe6
17. Rxe6+ fxe6 18. Qxe6+ Be7 19. Bxe7 $18) 15. Qg3 {(.)} Be7 16. Bxe7 Nxe7 17.
Qxg7 Rg8 18. Qf6 Qxb2 19. Nb5 Bxb5 20. Rab1 Qd4 (20... Qxa3 21. Bxb5+ Kf8 (
21... Nc6 $2 22. Bxc6+ bxc6 23. Rb7 Rf8 24. Reb1 $18) 22. Re3 Qa2 23. Bd3 $40 {
Yagupov,I}) 21. Bxb5+ Kf8 22. Bf1 $1 $44 {~/= Yagupov,I-Muchnik,L/Polanica
Zdroj 1993}) 10... exf5 11. Nc3 Be6 12. a4 $5 (12. Be3 Be7 13. Na4 Qb5 14. Rc1
O-O 15. Ne1 Rac8 16. Nd3 Rc7 17. Nac5 Rfc8 18. Rc3 Qb6 $11 {Bose,D-Popova,N/
WchJW-U16 Duisburg 1992/TD 92\06/0-1 (47)}) (12. Qd3 a4 13. Rd1 h6 14. Nh4 g6
15. g3 Be7 16. Ng2 Ra5 17. Rb1 Qb3 18. Nf4 b5 $13 {1-0 Korte,M-Sziraki,T/Eger
op 1991/EXT 91op2 (29)}) 12... h6 13. Nb5 Be7 14. Ne1 (14. b3 $5 O-O 15. Ba3)
14... O-O 15. Nd3 Na7 (15... Nb4 $5 {was stronger: the knight on d3 is more
dangerouse for Black than the knight on b5.}) 16. Nxa7 Qxa7 17. Be3 b6 18. Qh5
{[%cal Re3h6]} Qd7 $2 (18... Kh7 $1 $11) 19. Bxh6 $1 Rfc8 (19... gxh6 $2 20.
Qxh6 Rfc8 (20... f6 $1 {Petursson} 21. Nf4 (21. f4 $5 $44) (21. Rfe1 $5 $44)
21... Rf7 22. exf6 Rxf6 $1 (22... Bxf6 23. Rfe1 $1 Re8 24. Qg6+ Kf8 25. Ra3 $1
$18) 23. Ng6 Bd6 24. Qh8+ Kf7 25. Qh7+ Ke8 26. Qh8+ $11) 21. Nf4 {-Game}) 20.
Nf4 $1 gxh6 (20... Rc4 {Petursson} 21. Rad1 Rxa4 22. Rd3 Bf8 23. Rg3 $1 Rxd4
24. Bxg7 Bxg7 25. Qh6 Kf8 26. Qxg7+ Ke7 27. Qf6+ Kf8 28. Ng6+ Kg8 29. Qh8#) 21.
Qxh6 Qd8 {Sad reality.But} (21... Bf8 22. Qg5+ Kh8 (22... Kh7 23. Nh5) 23. Ra3
$1 Bxa3 24. Qh6+ Kg8 25. Nh5 f6 26. Nxf6+ Kf7 27. Qh7+ Kf8 28. Nxd7+ $18 {
is not better than move in text.}) 22. Nxe6 fxe6 23. Qxe6+ Kg7 24. f4 $18 Qe8
25. Rf3 (25. Qxf5 $18 {Petursson}) 25... Rc6 (25... Qf7 26. Rg3+ Kf8 27. Qh6+
Ke8 28. e6 Qf8 29. Qh7 $18) 26. Rg3+ Kh8 27. Rh3+ Kg7 28. Rg3+ Kh8 29. Rh3+ Kg7
30. Qxf5 Rh6 (30... Rg6 31. Qd3 Qc6 32. f5) 31. Rxh6 Kxh6 32. Qh3+ Kg7 33. f5
Bg5 34. Qg4 Kh6 35. Ra3 1-0

[Event "BIH-chT"]
[Site "Neum"]
[Date "2004.06.01"]
[Round "4.3"]
[White "Savic, Miodrag R"]
[Black "Drasko, Milan"]
[Result "1-0"]
[WhiteElo "2529"]
[BlackElo "2464"]
[Annotator "Psakhis,L"]
[PlyCount "57"]
[EventDate "2004.05.29"]
[EventType "team"]
[EventRounds "9"]
[EventCountry "BIH"]
[SourceTitle "CBM 102"]
[Source "ChessBase"]
[SourceDate "2004.09.23"]
[SourceVersion "1"]
[SourceVersionDate "2004.09.23"]
[SourceQuality "1"]
[WhiteTeam "Sokolac"]
[BlackTeam "Prozor Rama"]
[WhiteTeamCountry "BIH"]
[BlackTeamCountry "BIH"]

1. e4 e6 2. d4 d5 3. e5 c5 4. c3 Nc6 5. Nf3 Bd7 6. Be2 Nge7 7. O-O Ng6 8. Bd3 (
{As usual white prefer in this position to play} 8. g3 $5 {with possible
continuation} Be7 9. h4 cxd4 (9... O-O 10. h5 Nh8 11. h6 g6 12. dxc5 $5 f6 13.
c4 Nxe5 14. Nxe5 fxe5 15. cxd5 Bxc5 16. Nc3 Qb6 17. Ne4 Bd4 18. Bc4 exd5 19.
Bxd5+ Be6 20. Qb3 Qxb3 21. Bxb3 Bxb3 22. axb3 Nf7 $11 {1-0 Jonkman,H-Bosman,M/
Utrecht-A 2001/ (50)}) 10. cxd4 O-O 11. h5 Nh8 12. h6 g6 13. Nc3 f6 14. exf6
Bxf6 15. Bf4 Nf7 16. Qd2 Kh8 17. Kg2 g5 18. Be3 Rg8 19. Rh1 Ne7 20. Rh5 Nf5 21.
Rah1 Be8 $13 {1-0 Zhigalko,S-Matlakov,M/Young Stars of the World Kirishi 2004/
(100)}) (8. Be3 cxd4 9. cxd4 Be7 10. Nc3 O-O 11. Bd3 Be8 12. a3 f6 13. exf6
Bxf6 14. Qc2 Be7 15. Qe2 h6 16. Nd2 Nf4 17. Bxf4 Rxf4 18. Qxe6+ Bf7 19. Qe3 Bg5
20. Rad1 Qb6 $132 {1-0 Tischbierek,R-Kindermann,S/AUT t-ch 0304 2004/ (31)})
8... Rc8 9. a3 $146 {It seems this plan doesn't promise much.} (9. Be3 cxd4 10.
cxd4 Nb4 11. Bxg6 hxg6 12. Nc3 Be7 13. Qd2 Rh5 14. g3 g5 15. g4 Rh3 16. Kg2 Rh6
17. a3 Nc6 $13 {1-0 Galan,A-Sustak,R/SVK t-ch2 1998 (39)}) 9... Be7 (9... Qb6
$5 10. dxc5 (10. Bc2 Qc7 {[%cal Rc7c2]}) 10... Bxc5 11. b4 Be7 12. Re1 Qc7 13.
Qe2 O-O $13) 10. Re1 cxd4 11. cxd4 f6 (11... Qb6 12. Nc3 (12. Bc2 Nh4 $1) 12...
Na5 $13 (12... Nxd4 13. Nxd4 Qxd4 14. Nb5 $1 Qb6 15. Be3 Qd8 (15... Bc5 $2 16.
Nd6+ $18) 16. Nxa7 $36)) 12. Nc3 (12. exf6 $5) 12... fxe5 (12... f5 13. Nxd5
exd5 14. e6) 13. dxe5 O-O {Now we see, that black has succeeded to solve his
opening problems} 14. Bd2 (14. Bxg6 hxg6 15. Qd3 Rf5) 14... Be8 {Good
prophylactic move.} (14... Nf4 $5) (14... Nh4 $2 15. Nxh4 Bxh4 16. g3 Be7 17.
Qh5 g6 18. Bxg6 hxg6 19. Qxg6+ Kh8 20. Qh5+ Kg8 21. Bh6 $1 $18) 15. Rc1 Nf4 (
15... Nh4 16. Nxh4 Bxh4 17. g3 Be7 18. Qg4 $14) 16. Bxf4 Rxf4 {Black achieved
everything he wanted from the opening and all his pieces have occupied ideal
positions in this variation.} 17. Qc2 h6 $6 (17... Bh5 $142 $1 {[%csl Gh5]} 18.
Nd2 (18. Bxh7+ Kh8 19. Nd2 (19. Qd3 Bxf3 20. gxf3 Rh4 {[%csl Rh7]}) 19... Bc5
$17) (18. Ne2 Rf8 19. Nfd4 Qb6) 18... Bc5 $36) 18. Ne2 Rf8 19. Ng3 (19. Ned4 $5
) 19... Bd7 $2 {Drasko misses a wonderful opportunity of punishing White for
his carelessness.} (19... Rxf3 $1 20. gxf3 Bg5 $17 {[%csl Gg5][%cal Rc8c1]})
20. Qd1 Qb6 21. Bb1 Bc5 (21... Qxb2 22. Qd3 Rxf3 $5 23. Qh7+ $1 (23. Qxf3 Bxa3)
23... Kf8 24. gxf3 Nxe5 25. Rxc8+ Bxc8 26. Rxe5 Qxe5 27. Bg6 $1 $16) 22. Qc2
Ne7 $2 {Last mistake} ({Black should prefer instead} 22... Rxf3 $142 $1 23.
Qxc5 (23. gxf3 Nxe5 $1) 23... Qxc5 24. Rxc5 Rb3 $11 {with comfortable equality.
}) 23. b4 $1 {The fight has taken a favourable turn for White.} Bd4 (23... Be3
24. Qh7+ Kf7 25. Nh5 $1 Rxc1 (25... Bxf2+ 26. Kh1 Rg8 27. Rxc8 Bxc8 28. Rf1 $18
{[%csl Gf1,Rf7,Gh5,Gh7] Transposes to the game}) 26. Qxg7+ Ke8 27. Nf6+ Rxf6
28. exf6 Rxe1+ 29. Nxe1 Bxf2+ 30. Kh1 Kd8 31. f7 $18) 24. Qh7+ Kf7 25. Nh5
Bxf2+ 26. Kh1 Rg8 27. Rxc8 Bxc8 28. Rf1 $18 Qe3 (28... Nf5 29. Nf4 $18) 29. Qc2
$1 1-0